Detalles MARC
| 000 -CABECERA |
| campo de control de longitud fija |
01137nam a2200241 a 4500 |
| 001 - NÚMERO DE CONTROL |
| campo de control |
000048082 |
| 003 - IDENTIFICADOR DEL NÚMERO DE CONTROL |
| campo de control |
DO-SdBNP |
| 005 - FECHA Y HORA DE LA ÚLTIMA TRANSACCIÓN |
| campo de control |
20220525084920.0 |
| 007 - CAMPO FIJO DE DESCRIPCIÓN FÍSICA--INFORMACIÓN GENERAL |
| campo de control de longitud fija |
ta |
| 008 - DATOS DE LONGITUD FIJA--INFORMACIÓN GENERAL |
| campo de control de longitud fija |
181113s2015 dr a 000 0 spa d |
| 020 ## - NÚMERO INTERNACIONAL ESTÁNDAR DEL LIBRO |
| Número Internacional Estándar del Libro |
9789945472578 |
| 040 ## - FUENTE DE LA CATALOGACIÓN |
| Centro catalogador/agencia de origen |
DO-SdBNP |
| Lengua de catalogación |
spa |
| Centro/agencia transcriptor |
BNPHU |
| 082 #4 - NÚMERO DE LA CLASIFICACIÓN DECIMAL DEWEY |
| Número de documento/Ítem |
M519m |
| Número de edición |
22 |
| 100 1# - ENTRADA PRINCIPAL--NOMBRE DE PERSONA |
| Nombre de persona |
Meléndez Valencia, Martín |
| 9 (RLIN) |
65476 |
| 245 10 - MENCIÓN DE TÍTULO |
| Título |
Mecánica de fluidos : |
| Resto del título |
prácticas de laboratorios / |
| Mención de responsabilidad, etc. |
Martín Meléndez Valencia, Juan Ernesto Castellanos Cunillera. |
| 260 ## - PUBLICACIÓN, DISTRIBUCIÓN, ETC. |
| Lugar de publicación, distribución, etc. |
Santo Domingo : |
| Nombre del editor, distribuidor, etc. |
Instituto Tecnológico de Santo Domingo, |
| Fecha de publicación, distribución, etc. |
2015. |
| 300 ## - DESCRIPCIÓN FÍSICA |
| Extensión |
90 p. : |
| Otras características físicas |
il. ; |
| Dimensiones |
28 cm. |
| 504 ## - NOTA DE BIBLIOGRAFÍA, ETC. |
| Nota de bibliografía, etc. |
Bibliografía : p. 89-90 |
| 505 0# - NOTA DE CONTENIDO CON FORMATO |
| Nota de contenido con formato |
Prácticas de Hidrostática propiedades físicas de los fluidos -- |
| Título |
Capilaridad y tensión superficial -- |
| -- |
Calibración de manómetro -- |
| -- |
Presión sobre superficies planas -- |
| -- |
Principio de Arquímedes -- |
| -- |
Demostración de altura metacéntrica -- |
| -- |
Prácticas de dinamica-- |
| -- |
Demostración de sistemas de medidas de flujo -- |
| -- |
|Demostración del teorema de Bernoulli. |
| 590 ## - NOTA LOCAL (RLIN) |
| Nota local |
Inventariado, 2018/LP |
| 700 1# - PUNTO DE ACCESO ADICIONAL--NOMBRE DE PERSONA |
| Nombre de persona |
Castellanos Cunillera, Juan Ernesto |
| 9 (RLIN) |
65477 |
| 942 ## - ELEMENTOS DE PUNTO DE ACCESO ADICIONAL (KOHA) |
| Fuente del sistema de clasificación o colocación |
Dewey Decimal Classification |
| Tipo de ítem Koha |
Libro |